| 000 | 00705nam a2200205 a 4500 | ||
|---|---|---|---|
| 005 | 20250321063747.0 | ||
| 008 | 040518s2003 fr r 000 0 eng d | ||
| 020 | _a9280312480 | ||
| 035 | _aUPN01000133927 | ||
| 049 | _aCG | ||
| 050 | 4 |
_aLC1496.5 A7.5 _bI5.3 |
|
| 111 | 2 |
_aInternational Working Group on Education _d(23-25 June 2003 : _cTuusula-Helsinki, Finlandia) |
|
| 245 | 1 | 0 |
_aCritical issues in education for all : _bgender parity, emergencies. |
| 260 |
_aParis : _bUNESCO, International Institute for Educational Planning, _c2003. |
||
| 300 | _a141 p. | ||
| 500 | _a"A report from the IWGE" | ||
| 650 | 4 |
_aMujeres _xEducación _zAsia _9962 |
|
| 650 | 4 |
_aEducación _zAsia _99160 |
|
| 905 | _aLibro | ||
| 999 |
_c106078 _d106078 |
||